000 00308nam a22001337a 4500
008 170516b xxu||||| |||| 00| 0 eng d
020 _a9780813342757
041 _aeng
080 _a94
100 _a16
101 _aSHH
245 _aA CONCISE HISTORY MIDDLE EAST
_cGOLDSCHMIDT.A
942 _2udc
_cBK
999 _c13410
_d13410